| 000 | 01573nam a22003617a 4500 | ||
|---|---|---|---|
| 001 | 768714001 | ||
| 003 | CO-MdFUSB | ||
| 005 | 20240822161041.0 | ||
| 007 | ta | ||
| 008 | 230223t19941996enkac||| |||| 00| 0 eng d | ||
| 020 | _a1850757453 | ||
| 040 |
_aCO-MdFUSB _bspa _cCO-MdFUSB _dCO-MdFUSBC _erda |
||
| 041 | _aeng | ||
| 082 |
_223 _a220.93 _bF919 |
||
| 100 |
_aFritz, Volkmar, _eautor |
||
| 245 | 3 |
_aAn introduction to biblical archaeology _c/ Volkmar Fritz ; traducido por Birgit Mänz-Davies ; editado por David J. A. Clines, Philip R. Davies |
|
| 264 | 1 |
_aEngland : _bJsot Press, _c[1996] |
|
| 264 | 4 | _c© 1996 | |
| 300 |
_a223 páginas _bilustraciones - retratos a blanco y negro _c; 22 cm |
||
| 336 |
_2rdacontent _atexto _btxt |
||
| 337 |
_2rdamedia _asin mediación _bn |
||
| 338 |
_2rdacarrier _avolumen _bnc |
||
| 490 | _aJournal for the study of the Old Testament. Supplement series | ||
| 505 | _aDefinición y propósito. -- La tierra. -- Historia de la investigación arqueológica. -- Métodos de excavación. -- Cronología. -- Período Neolítico y Calcolítico. -- La edad de bronce temprana. -- La edad de bronce media y tardía. -- La edad de hierro. -- Los vecinos de israel. -- Períodos helenístico y romano. -- Posdata: arqueología bíblica y estudios bíblicos | ||
| 563 | _aRústico | ||
| 650 | 7 |
_2embne _92124 _aArqueología bíblica |
|
| 700 |
_97873 _aMänz-Davies, Birgit, _etraductor |
||
| 700 |
_aClines, David J.A., _910604 |
||
| 700 |
_aDavies, Philip R. _93396 |
||
| 942 | _cBK | ||
| 945 | _aJTF-925 | ||
| 999 |
_c68448 _d68448 |
||